| 000 | 00850nam a22002777a 4500 | ||
|---|---|---|---|
| 003 | CHAP | ||
| 005 | 20220329143844.0 | ||
| 008 | 120225s2008 mx r 00010 spa d | ||
| 010 | _a102831 | ||
| 011 | _a103803 | ||
| 020 | _a978470850244 | ||
| 035 | _a114492 | ||
| 040 | _cCHAP | ||
| 082 | 0 | 4 |
_a575.9 _bSco83 |
| 100 | 1 |
_aScott, Peter. _9103400 |
|
| 245 | 1 | 0 |
_aPhysiology and behaviour of plants _c/por Peter Scott |
| 260 |
_aIndia : _bJohn Wiley & Sons, _c2008 |
||
| 300 |
_a305 p. : _bilus. |
||
| 590 |
_aBATCH-UPD _b10 _c20130410 _lUCH01 _h1006 |
||
| 590 |
_aBATCH-UPD _b10 _c20130914 _lUCH01 _h1919 |
||
| 590 |
_aCONVERSION _b10 _c20130109 _lUCH01 _h1357 |
||
| 650 | 0 | 4 |
_aPlantas _xFisiologĂa y morfologĂa. _988840 |
| 901 | _aBK | ||
| 942 | _cLIBRO | ||
| 949 |
_a575.9 Sco83 _bBC _cLIBRO _d33724002327884 _eLIBRO _gI. c/e _h116301 _i114492 _sb _t944.33 |
||
| 999 |
_c102831 _d102831 |
||